000
00320nam a22001337a 4500
008
260212b ||||| |||| 00| 0 eng d
020
_a
9788861824027
041
_a
ital
080
_a
2.1
100
_a
20
101
_a
ital
245
_a
Maschere A Venezia
_c
Alessandro De Giuli, Ciro Massimo Naddeo
942
_2
lcc
_c
BK
999
_c
60796
_d
60796